| 000 | 00400nam a2200133Ia 4500 | ||
|---|---|---|---|
| 003 | GCL | ||
| 008 | 140319s9999 xx 000 0 ara d | ||
| 040 |
_aGCL / _cGCL |
||
| 082 | 0 | 4 |
_a658.15 _bح ت |
| 100 | 1 | _aحسن احمد توفيق | |
| 245 | 1 | 0 |
_aالتمويل والادارة المالية فى المشروعات التجارية / _cحسن احمد توفيق |
| 300 | _a434 ص | ||
| 490 | _a | ||
| 999 |
_c37805 _d37805 |
||